000 00750nam a22001811 4500
005 20180426114657.0
008 990501s1936 sp spa
040 _aSpMaBN
_bspa
_cCDM
245 1 0 _aTercer avance del informe oficial sobre los asesinatos, violaciones, incendios y demás deredaciones y violencias cometidos en algunos pueblos del centro y mediodía de España por las hordas marxistas :
_botoño 1936.
260 _a[Burgos?] :
_bEstado Español,
_c1936.
300 _a96 p. :
_bil. ;
_c25 cm.
336 _2rdacontent
_atext
337 _2rdamedia
_aunmediated
338 _2rdacarrier
_avolume
651 4 _aEspaña
_xHistoria
_y1936-1939 (Guerra civil)
_xAtrocidades
_915964
710 1 _916090
_aEspaña.
_bGobierno Nacional
942 _cMTS
999 _c7721
_d7721